[Event "Karl Mala Memorial op 15th"]
[Site "Frankfurt"]
[Date "2012.07.08"]
[Round "6"]
[White "Bernhardt, Michael"]
[Black "Faldum, Manfred"]
[Result "1/2-1/2"]
[WhiteElo "2058"]
[BlackElo "1923"]
[PlyCount "96"]
[EventDate "2012.07.05"]
[EventType "swiss"]
[EventRounds "7"]
[EventCountry "GER"]
[SourceTitle "CBM 149 Extra"]
[Source "ChessBase"]
[SourceDate "2012.08.24"]
[SourceVersion "1"]
[SourceVersionDate "2012.08.24"]
[SourceQuality "1"]

1. c4 g6 2. Nc3 Bg7 3. d4 Nf6 4. e4 d6 5. f3 0-0 6. Be3 a6 7. Nge2 Nc6 8. Qd2 Rb8 9. Nc1 e5 10. d5 Nd4 11. Nb3 Nxb3 12. axb3 c5 13. b4 cxb4 14. Na4 b5 15. cxb5 Qa5 16. bxa6 Bxa6 17. Bxa6 Qxa6 18. Kf2 Qb5 19. Rhc1 Rfc8 20. b3 Nd7 21. Rc2 f5 22. Rac1 Rxc2 23. Qxc2 fxe4 24. fxe4 Nf6 25. h3 Rf8 26. Kg1 Nh5 27. Qc4 Qb7 28. Rf1 Rc8 29. Qd3 Qe7 30. Kh2 Qh4 31. Bf2 Qg5 32. Qe3 Bh6 33. Qxg5 Bxg5 34. Be1 Bf4+ 35. g3 Rc2+ 36. Kh1 Bxg3 37. Bxb4 Nf4 38. Rxf4 exf4 39. Bxd6 Rh2+ 40. Kg1 Rxh3 41. b4 Be1 42. b5 Rb3 43. b6 Ba5 44. Bc5 Kf7 45. e5 g5 46. e6+ Kf6 47. Bd4+ Ke7 48. Bc5+ Kf6 1/2-1/2

[Event "Karl Mala Memorial op 15th"]
[Site "Frankfurt"]
[Date "2012.07.07"]
[Round "5"]
[White "Uwira, Oliver"]
[Black "Bernhardt, Michael"]
[Result "1-0"]
[WhiteElo "2249"]
[BlackElo "2058"]
[PlyCount "57"]
[EventDate "2012.07.05"]
[EventType "swiss"]
[EventRounds "7"]
[EventCountry "GER"]
[SourceTitle "CBM 149 Extra"]
[Source "ChessBase"]
[SourceDate "2012.08.24"]
[SourceVersion "1"]
[SourceVersionDate "2012.08.24"]
[SourceQuality "1"]

1. d4 Nf6 2. c4 g6 3. Nc3 Bg7 4. e4 d6 5. f3 0-0 6. Be3 c5 7. dxc5 dxc5 8. Qxd8 Rxd8 9. Bxc5 Nc6 10. Nge2 Nd7 11. Be3 Nde5 12. Nf4 Nb4 13. Kf2 Nc2 14. Rd1 Rxd1 15. Nxd1 Nxe3 16. Nxe3 Nc6 17. b3 a5 18. Nfd5 Bd4 19. Be2 Nb4 20. Nxe7+ Kf8 21. N7d5 Nxa2 22. Rd1 Bxe3+ 23. Kxe3 Ra6 24. Ra1 Nb4 25. Nxb4 axb4 26. Rxa6 bxa6 27. Kd4 Bd7 28. Kc5 a5 29. Bd1 1-0